Music Quiz

Random Music or Album Quiz

Name All The H.I.M. Songs. Quiz Stats

 Plays Quiz not verified by Sporcle

Challenge
Share
Tweet
Embed
Score 0/89 Timer 08:00
0 Plays Today
Album Song % Correct
Greatest Love Songs Vol. 666Wicked Game
84.9%
Razorblade RomanceWicked Game
84.9%
CoversWicked Game
84.9%
Dark LightWings of a Butterfly
75%
Razorblade RomanceRazorblade Kiss
73.7%
Razorblade RomanceJoin Me in Death
71.7%
Greatest Love Songs Vol. 666Your Sweet Six Six Six
70.4%
Razorblade RomanceYour Sweet Six Six Six
70.4%
Love MetalBuried Alive By Love
70.4%
Love MetalThe Funeral of Hearts
69.7%
Venus DoomVenus Doom
67.8%
Dark LightVampire Heart
66.4%
Dark LightDark Light
65.8%
Razorblade RomanceRight Here in My Arms
65.1%
Greatest Love Songs Vol. 666Don't Fear (The Reaper)
62.5%
Dark LightKilling Loneliness
62.5%
Razorblade RomancePoison Girl
61.8%
CoversDon't Fear (The Reaper)
61.3%
Deep Shadows and Brilliant HighlightsPretending
58.6%
Love MetalThe Sacrament
58.6%
Razorblade RomanceGone With the Sin
57.9%
Screamworks: Love In Theory And PracticeHeart Killer
56.7%
Greatest Love Songs Vol. 666For You
53.9%
CoversSolitary Man
53.9%
Greatest Love Songs Vol. 666It's All Tears (Drown in This Love)
52%
Love MetalThe Path
52%
Deep Shadows and Brilliant HighlightsBeautiful
51.3%
Greatest Love Songs Vol. 666When Love and Death Embrace
50.7%
Razorblade RomanceI Love You (Prelude To Tragedy)
50.7%
Deep Shadows and Brilliant HighlightsSalt in Our Wounds
50.7%
Album Song % Correct
Deep Shadows and Brilliant HighlightsIn Joy and Sorrow
50.7%
Venus DoomPassion's Killing Floor
50%
Dark LightBehind the Crimson Door
48.7%
Venus DoomSleepwalking Past Hope
48.7%
Other SongsAnd Love Said No
47.8%
Dark LightUnder the Rose
47.4%
Venus DoomThe Kiss of Dawn
47.4%
Love MetalCircle of Fear
46.1%
Razorblade RomanceHeaven Tonight
45.4%
Deep Shadows and Brilliant HighlightsHeartache Every Moment
45.4%
Love MetalSoul on Fire
44.1%
Venus DoomBleed Well
44.1%
Razorblade RomanceDeath Is In Love With Us
43.4%
Venus DoomCyanide Sun
43.4%
Dark LightThe Face of God
42.1%
Screamworks: Love In Theory And PracticeScared To Death
41.8%
Screamworks: Love In Theory And PracticeKatherine Wheel
41.8%
Greatest Love Songs Vol. 666The Heartless
41.4%
Deep Shadows and Brilliant HighlightsLose You Tonight
41.4%
Deep Shadows and Brilliant HighlightsClose to the Flame
40.8%
Love MetalSweet Pandemonium
40.8%
Greatest Love Songs Vol. 666The Beginning of the End
40.1%
Deep Shadows and Brilliant HighlightsLove You Like I Do
40.1%
Venus DoomDead Lovers' Lane
40.1%
Razorblade RomanceThe 9th Circle
39.5%
Deep Shadows and Brilliant HighlightsPlease Don't Let It Go
39.5%
Love MetalBeyond Redemption
39.5%
Razorblade RomanceResurrection
38.2%
Dark LightPlay Dead
38.2%
Razorblade RomanceOne Last Time
37.5%
Album Song % Correct
Screamworks: Love In Theory And PracticeIn Venere Veritas
37.3%
Love MetalEndless Dark
36.8%
Greatest Love Songs Vol. 666Our Diabolikal Rapture
35.5%
Venus DoomLove in Cold Blood
34.9%
Razorblade RomanceBury Me Deep Inside Your Heart
33.6%
Love MetalThis Fortress of Tears
32.9%
Dark LightIn the Nightside of Eden
32.2%
Dark LightDrunk on Shadows
30.9%
Venus DoomSong or Suicide
30.9%
Deep Shadows and Brilliant HighlightsDon't Close Your Heart
28.9%
Love MetalLove's Requiem
28.9%
Screamworks: Love In Theory And PracticeDying Song
28.4%
Razorblade RomanceSigillum Diaboli
27.6%
Dark LightThe Cage
27%
Screamworks: Love In Theory And PracticeOde to Solitude
25.4%
Screamworks: Love In Theory And PracticeLike St. Valentine
25.4%
Screamworks: Love In Theory And PracticeThe Foreboding Sense of Impending Happiness
25.4%
Screamworks: Love In Theory And PracticeIn the Arms of Rain
23.9%
Screamworks: Love In Theory And PracticeShatter Me with Hope
23.9%
Deep Shadows and Brilliant HighlightsIn Love and Lonely
22.4%
Screamworks: Love In Theory And PracticeLove, the Hardest Way
20.9%
Screamworks: Love In Theory And PracticeAcoustic Funeral (for Love in Limbo)
19.4%
Deep Shadows and Brilliant HighlightsYou Are The One
19.1%
Other SongsBittersweet
16%
Dark LightVenus (In Our Blood)
15.8%
Other SongsStigmata Diaboli
14.9%
Other SongsSummer Wine
13.3%
Screamworks: Love In Theory And PracticeDisarm Me (With Your Loneliness)
11.9%
Other SongsJust For Tonight
9.3%

You're not logged in!

Compare scores with friends on all Sporcle quizzes.
OR
Log In

You Might Also Like...

Show Comments

Extras

Created Nov 6, 2009ReportNominate
Tags:Album Quiz, Song Quiz

Top Quizzes Today


Score Distribution

Your Account Isn't Verified!

In order to create a playlist on Sporcle, you need to verify the email address you used during registration. Go to your Sporcle Settings to finish the process.

Report this User

Report this user for behavior that violates our Community Guidelines.

Details: